| 000 | 01681nam a2200241Ia 4500 | ||
|---|---|---|---|
| 003 | Ost | ||
| 005 | 20260507075334.0 | ||
| 008 | 260507s9999||||xx |||||||||||||| ||und|| | ||
| 020 | _a92863419779 | ||
| 040 | _cfsecg | ||
| 041 | _aara | ||
| 082 | _a330 | ||
| 100 |
_aمندور، عصام عمر _eمؤلف |
||
| 245 | 0 |
_aالتنمية الاقتصادية و الاجتماعية و التغيير الهيكلي في الدول العربية : _bالمنهج ، النظرية ، القياس / _c عصام عمر مندور |
|
| 260 |
_aالاسكندرية: _bدار الكتب المصرية, _c2011 |
||
| 300 |
_a349 صفحة؛ _bإيضاحات ؛ _c25 سم |
||
| 504 | _aمراجع ص.307 ؛ ملحق احصائي ص.325 (اقتناءات 2014 3ن) | ||
| 520 | _aمفهوم و نظريات التنمية الاقتصادية و التغيير التكنولوجي في الدول العربية ، مفهوم و محددات الهيكل الاقتصادي و مظاهر اتغيير الهيكلي ، السياسة الهيكلبة و نظريات و مداخل قياس التغيير الهيكلي ، قياس العلاقة المتبادلة بين التغيير الهيكلي و عملية التنمية الاجتماعية و الاقتصادية في الدول العربية و مصر و تحليل اتجاعات التغيير الهيكلي في النشاط الاقتصادي المصري ، و أخيرا قياس هذا التفيير و تحديد أسبابه | ||
| 653 | _aالتنمية | ||
| 653 | _aالتنمية الإقتصادية والاجتماعية | ||
| 653 | _aالتنمية- الوطن العربي | ||
| 942 | _cكتاب | ||
| 999 |
_c44029 _d44029 |
||